Statistics for Largest European Cities by Letter - V

Click here to take the quiz!

General Stats

  • This quiz has been taken 87 times
  • The average score is 10 of 19

Answer Stats

RankPopulationCountryHintCity% Correct
11'540'000AustriaCity of MusicVienna
100%
4736'000SpainPaellaValencia
92%
5578'000LithuaniaJewish InfluenceVilnius
92%
13297'000ItalyCity of CanalsVenice
89%
2992'000RussiaWas called Stalingrad until 1961Volgograd
88%
16254'000ItalyRomeo and JulietVerona
84%
8335'000RussiaFirst name of the Russian leader PutinVladimir
73%
12299'000BulgariaLargest City on the Black SeaVarna
64%
9317'000SpainCastile and LeónValladolid
60%
14286'000SpainIn GaliciaVigo
55%
3903'000RussiaSouth Eastern RailwayVoronezh
34%
19175'000FinlandSuburb of HelsinkiVantaa
30%
7340'000BelarusAnnunciation ChurchVitebsk
29%
10309'000RussiaNorth CaucasusVladikavkaz
19%
18215'000SpainEuropean Green CapitalVitoria-Gasteiz
18%
6383'000UkraineMultimedia Fountain RoshenVinnytsia
16%
11300'000RussiaSaint Sophia CathedralVologda
12%
15286'000RussiaIndustrial City in Volgograd OblastVolzhsky
12%
17229'000RussiaMillennium of RussiaVeliky Novgorod
11%

Score Distribution

Percentile by Number Answered

Percent of People with Each Score

Your Score History

You have not taken this quiz